| 000 | 00726cam a2200241 4500 | ||
|---|---|---|---|
| 001 | ABS61701 | ||
| 008 | 000000n1999 000 0 eng u | ||
| 035 | _a(Sirsi) u103530 | ||
| 100 | _aBrownie, S. | ||
| 245 | 4 | _aThe way to fair rents | |
| 260 | _c1999 | ||
| 490 |
_aHousing Today _v (163) 9 December 1999, 16-17(2) |
||
| 520 | _aLooks at ways government can provide fair and consistent rents for social housing. Outlines the capital values and earnings approaches to doing this. | ||
| 590 | _aABS | ||
| 650 | _aCAPITAL VALUES | ||
| 650 | _aEARNINGS | ||
| 650 | _aRENTAL VALUES | ||
| 650 | _aRENT REFORM | ||
| 690 |
_aAffordable housing _96215 |
||
| 700 | _aLautman, P. | ||
| 700 | _aLister, S. | ||
| 942 | _n0 | ||
| 999 |
_c62196 _d62196 |
||